[Event "19. Bosnjaci Open 2014"]
[Site "Bosnjaci CRO"]
[Date "2014.01.07"]
[Round "7.19"]
[White "Knezevic, Igor"]
[Black "Sribar, Peter"]
[Result "0-1"]
[WhiteElo "2152"]
[BlackElo "2047"]
[PlyCount "100"]
[EventDate "2014.01.03"]
[EventType "swiss"]
[EventRounds "9"]
[EventCountry "CRO"]
[Source "lmi"]
[SourceDate "2014.01.03"]

1. d4 Nf6 2. c4 c5 3. d5 g6 4. Nc3 d6 5. e4 Bg7 6. Nf3 O-O 7. Be2 e6 8. O-O Re8
9. Nd2 exd5 10. cxd5 a6 11. a4 Nbd7 12. Qc2 Rb8 13. h3 Nb6 14. Re1 Nfd7 15. Ra3
Na8 16. Bf1 Nc7 17. Nc4 Ne5 18. Ne3 b5 19. axb5 axb5 20. Rb3 Bd7 21. Nb1 g5 22.
Ra3 b4 23. Ra7 Nb5 24. Bxb5 Bxb5 25. Nd2 Qb6 26. Ra1 Nd3 27. Rd1 Qd8 28. Ndc4
Nxc1 29. Rdxc1 Qf6 30. Ra5 Qg6 31. b3 Bc3 32. Rf1 Bd4 33. Rc1 Bxe3 34. Nxe3
Rxe4 35. Rca1 f5 36. Qd1 f4 37. Ng4 Be2 38. Qb1 Rbe8 39. f3 Bd3 40. Qb2 Rd4 41.
Ra8 Kf8 42. Rxe8+ Qxe8 43. Kf2 h5 44. Re1 Qd8 45. Nh6 g4 46. Qc1 Qh4+ 47. Kg1
gxf3 48. Rf1 Bxf1 49. Kxf1 fxg2+ 50. Kg1 Qxh3 0-1

[Event "19. Bosnjaci Open 2014"]
[Site "Bosnjaci CRO"]
[Date "2014.01.08"]
[Round "8.1"]
[White "Zaja, Ivan"]
[Black "Kuljasevic, Davorin"]
[Result "1/2-1/2"]
[WhiteElo "2457"]
[BlackElo "2580"]
[PlyCount "33"]
[EventDate "2014.01.03"]
[EventType "swiss"]
[EventRounds "9"]
[EventCountry "CRO"]
[Source "lmi"]
[SourceDate "2014.01.03"]

1. d4 Nf6 2. c4 e6 3. Nc3 Bb4 4. g3 c5 5. Nf3 cxd4 6. Nxd4 Ne4 7. Qd3 Nxc3 8.
bxc3 Be7 9. Nb5 Nc6 10. Bf4 e5 11. Be3 O-O 12. Bg2 d6 13. O-O a6 14. Na3 Qa5
15. Nc2 Be6 16. Bd5 Qa4 17. Bxe6 1/2-1/2

[Event "19. Bosnjaci Open 2014"]
[Site "Bosnjaci CRO"]
[Date "2014.01.08"]
[Round "8.2"]
[White "Jovanovic, Zoran2"]
[Black "Fercec, Nenad"]
[Result "1-0"]
[WhiteElo "2526"]
[BlackElo "2473"]
[PlyCount "87"]
[EventDate "2014.01.03"]
[EventType "swiss"]
[EventRounds "9"]
[EventCountry "CRO"]
[Source "lmi"]
[SourceDate "2014.01.03"]

1. e4 c5 2. Nf3 d6 3. Bb5+ Nc6 4. O-O Bd7 5. Re1 Nf6 6. c3 a6 7. Bf1 Bg4 8. h3
Bh5 9. g4 Bg6 10. d4 cxd4 11. cxd4 d5 12. exd5 Nxd5 13. Nc3 e6 14. Nxd5 Qxd5
15. Bg2 Rd8 16. Bg5 Be7 17. Ne5 Qd6 18. Bf4 Nxe5 19. Bxe5 Qb4 20. a3 Qb6 21.
Bxg7 Rg8 22. Qa4+ Qb5 23. Qxb5+ axb5 24. Be5 f6 25. Bg3 Kf7 26. Rad1 b4 27. d5
e5 28. d6 Bxd6 29. Bd5+ Ke7 30. Bxg8 Rxg8 31. f4 bxa3 32. bxa3 f5 33. fxe5 Bc5+
34. Bf2 Bxf2+ 35. Kxf2 fxg4 36. hxg4 Ra8 37. Re3 Ra4 38. Kg3 h5 39. gxh5 Bxh5
40. Rb1 Ra7 41. Rh1 Bg6 42. Rh6 Bf5 43. Kf4 Be6 44. Rh7+ 1-0

[Event "19. Bosnjaci Open 2014"]
[Site "Bosnjaci CRO"]
[Date "2014.01.08"]
[Round "8.3"]
[White "Kovacevic, Blazimir"]
[Black "Blagojevic, Dragisa"]
[Result "1-0"]
[WhiteElo "2449"]
[BlackElo "2516"]
[PlyCount "133"]
[EventDate "2014.01.03"]
[EventType "swiss"]
[EventRounds "9"]
[EventCountry "CRO"]
[Source "lmi"]
[SourceDate "2014.01.03"]

1. c4 e6 2. g3 d5 3. Bg2 Nf6 4. Nf3 dxc4 5. Qa4+ c6 6. Qxc4 b5 7. Qc2 Bb7 8.
O-O Nbd7 9. Nc3 a6 10. a4 Rc8 11. Rd1 Qb6 12. d4 Be7 13. Be3 Nd5 14. Bg5 f6 15.
Bd2 c5 16. axb5 axb5 17. Nxd5 Bxd5 18. b4 c4 19. e4 Bb7 20. d5 e5 21. Ra5 O-O
22. Bh3 Rc7 23. Be3 Qd6 24. Rxb5 Rd8 25. Bc5 Rxc5 26. Bxd7 Rxb5 27. Bxb5 Qxb4
28. Rb1 Qd6 29. Qxc4 f5 30. Bc6 Bc8 31. Re1 Bf6 32. Qe2 Rf8 33. exf5 Bxf5 34.
Nxe5 h5 35. h4 g6 36. Qe3 Rb8 37. Nf3 Rb4 38. Ng5 Rb8 39. Ne4 Bxe4 40. Qxe4 Kg7
41. Qf3 Rf8 42. Qd3 Be5 43. Kg2 Qf6 44. f4 Bxf4 45. Rf1 Qd6 46. gxf4 Rxf4 47.
Rxf4 Qxf4 48. Qg3 Qe4+ 49. Kf2 Qc2+ 50. Kf3 Qd3+ 51. Kf4 Qd4+ 52. Kf3 Qd3+ 53.
Kg2 Qe2+ 54. Qf2 Qe4+ 55. Kg3 Qg4+ 56. Kh2 Qe4 57. Qb2+ Kh7 58. Qf6 Qe2+ 59.
Kg3 Qe3+ 60. Qf3 Qe5+ 61. Kh3 Kg7 62. Bd7 Qd4 63. Bb5 Qe5 64. Bd3 Qd6 65. Qe4
Kf7 66. Kg2 Kg7 67. Qe6 1-0

[Event "19. Bosnjaci Open 2014"]
[Site "Bosnjaci CRO"]
[Date "2014.01.08"]
[Round "8.4"]
[White "Burovic, Ismet"]
[Black "Dizdarevic, Emir"]
[Result "0-1"]
[WhiteElo "2372"]
[BlackElo "2502"]
[PlyCount "64"]
[EventDate "2014.01.03"]
[EventType "swiss"]
[EventRounds "9"]
[EventCountry "CRO"]
[Source "lmi"]
[SourceDate "2014.01.03"]

1. e4 c5 2. d3 b6 3. g3 Bb7 4. Bg2 g6 5. f4 Bg7 6. Nf3 d6 7. O-O Nf6 8. h3 O-O
9. Nc3 Nc6 10. Be3 d5 11. e5 d4 12. exf6 Bxf6 13. Bd2 dxc3 14. bxc3 Qd7 15. Rb1
Rad8 16. g4 Na5 17. Qc1 Nc4 18. Be1 Nd6 19. c4 Bxf3 20. Bxf3 Qa4 21. a3 Rb8 22.
Kg2 Rfc8 23. Rb3 b5 24. cxb5 Rxb5 25. Rxb5 Nxb5 26. Bd5 c4 27. dxc4 Nxa3 28.
Rf2 Nxc4 29. Bf3 Bb2 30. Qb1 Ne3+ 31. Kg3 e5 32. Qxb2 Qxf4+ 0-1

[Event "19. Bosnjaci Open 2014"]
[Site "Bosnjaci CRO"]
[Date "2014.01.08"]
[Round "8.5"]
[White "Leventic, Ivan"]
[Black "Plenkovic, Zdenko"]
[Result "1-0"]
[WhiteElo "2457"]
[BlackElo "2404"]
[PlyCount "79"]
[EventDate "2014.01.03"]
[EventType "swiss"]
[EventRounds "9"]
[EventCountry "CRO"]
[Source "lmi"]
[SourceDate "2014.01.03"]

1. e4 d5 2. exd5 Qxd5 3. Nc3 Qd8 4. d4 Nf6 5. Nf3 e6 6. Bg5 Be7 7. Bd3 Nbd7 8.
Qe2 O-O 9. h4 c5 10. O-O-O cxd4 11. Nxd4 Qb6 12. Ne4 Qa5 13. Kb1 Re8 14. Nb5
Nxe4 15. Qxe4 Nf8 16. Bf4 e5 17. Bd2 Qb6 18. Qxe5 Bd7 19. Be3 Qc6 20. Nd4 Qc8
21. Nf5 Bf6 22. Nh6+ Kh8 23. Nxf7+ Kg8 24. Nh6+ Kh8 25. Qf4 Be6 26. g4 Ng6 27.
Bxg6 hxg6 28. g5 Be7 29. Nf7+ Kg8 30. Nd6 Bxd6 31. Qxd6 Bf5 32. Rd2 Re6 33. Qb4
Qc6 34. Rhd1 Kh7 35. Qc5 Qf3 36. Qd5 Qg4 37. Qxb7 Be4 38. Qd7 Rae8 39. Rc1 R8e7
40. Qc8 1-0

[Event "19. Bosnjaci Open 2014"]
[Site "Bosnjaci CRO"]
[Date "2014.01.08"]
[Round "8.6"]
[White "Stocko, Josip"]
[Black "Armanda, Ivica"]
[Result "0-1"]
[WhiteElo "2241"]
[BlackElo "2368"]
[PlyCount "54"]
[EventDate "2014.01.03"]
[EventType "swiss"]
[EventRounds "9"]
[EventCountry "CRO"]
[Source "lmi"]
[SourceDate "2014.01.03"]

1. e4 c5 2. Nf3 d6 3. Nc3 Nf6 4. d4 cxd4 5. Nxd4 g6 6. Be3 Bg7 7. f3 O-O 8. Qd2
Nc6 9. Bc4 Bd7 10. Bb3 Rb8 11. O-O-O Na5 12. g4 b5 13. Kb1 Nc4 14. Bxc4 bxc4
15. Ka1 Qb6 16. Rb1 Qa5 17. Bh6 Bxh6 18. Qxh6 Rb6 19. Qd2 Rfb8 20. h4 Ra6 21.
Nde2 Rbb6 22. a3 h5 23. Nf4 Bxg4 24. Qe3 Be6 25. Rhg1 Qxa3+ 26. bxa3 Rxa3+ 27.
Na2 Rxe3 0-1

[Event "19. Bosnjaci Open 2014"]
[Site "Bosnjaci CRO"]
[Date "2014.01.08"]
[Round "8.7"]
[White "Burovic, Rijad"]
[Black "Zivkovic, Vjekoslav"]
[Result "0-1"]
[WhiteElo "1949"]
[BlackElo "2365"]
[PlyCount "79"]
[EventDate "2014.01.03"]
[EventType "swiss"]
[EventRounds "9"]
[EventCountry "CRO"]
[Source "lmi"]
[SourceDate "2014.01.03"]

1. e4 c5 2. d3 Nc6 3. g3 d5 4. Nd2 Nf6 5. Bg2 Bg4 6. f3 Bc8 7. Ne2 h5 8. exd5
Nxd5 9. Nc4 h4 10. Ne3 h3 11. Bf1 e5 12. Nxd5 Qxd5 13. Nc3 Qd7 14. Be3 b6 15.
Qd2 Bb7 16. Be2 O-O-O 17. O-O-O Nd4 18. Rhf1 f5 19. Rde1 b5 20. Nd1 a6 21. c3
Nxe2+ 22. Qxe2 Qxd3 23. Bg5 Qxe2 24. Rxe2 Re8 25. f4 Be4 26. Nf2 Bg2 27. Rfe1
e4 28. Nd1 g6 29. Ne3 Bf3 30. Rd2 Rh7 31. Nd5 Rf7 32. b3 Bg7 33. Kc2 Kb7 34.
Ne3 Kc6 35. a4 Ra8 36. Nd5 Raa7 37. a5 Rad7 38. Nb6 Rxd2+ 39. Kxd2 Rf8 40. c4
0-1

[Event "19. Bosnjaci Open 2014"]
[Site "Bosnjaci CRO"]
[Date "2014.01.08"]
[Round "8.8"]
[White "Zufic, Miroslav"]
[Black "Lazor, Vladimir"]
[Result "1-0"]
[WhiteElo "2466"]
[BlackElo "2194"]
[PlyCount "77"]
[EventDate "2014.01.03"]
[EventType "swiss"]
[EventRounds "9"]
[EventCountry "CRO"]
[Source "lmi"]
[SourceDate "2014.01.03"]

1. e4 c5 2. Nf3 Nc6 3. d4 cxd4 4. Nxd4 g6 5. Nc3 Bg7 6. Be3 Nf6 7. Bc4 O-O 8.
Bb3 d6 9. h3 Bd7 10. O-O Nxd4 11. Bxd4 Bc6 12. Qd3 Nd7 13. Bxg7 Kxg7 14. Qd4+
Kg8 15. Nd5 Bxd5 16. exd5 Qb6 17. Qh4 Nf6 18. Rfe1 Qc7 19. Re3 a6 20. Rd1 Kg7
21. Qd4 Rfe8 22. Rde1 b5 23. c3 Ra7 24. Rf3 Qc5 25. Qf4 a5 26. a3 Rf8 27. Rxe7
Nxd5 28. Qxf7+ Rxf7 29. Rfxf7+ Kh6 30. Rxa7 Nf6 31. Rae7 Qg5 32. Re3 d5 33. Bc2
Ne4 34. Bxe4 dxe4 35. Rxe4 a4 36. Kh2 Qd8 37. Ree7 Qd6+ 38. f4 g5 39. Rd7 1-0

[Event "19. Bosnjaci Open 2014"]
[Site "Bosnjaci CRO"]
[Date "2014.01.08"]
[Round "8.9"]
[White "Rogulj, Branko"]
[Black "Plenca, Jadranko"]
[Result "1/2-1/2"]
[WhiteElo "2429"]
[BlackElo "2127"]
[PlyCount "76"]
[EventDate "2014.01.03"]
[EventType "swiss"]
[EventRounds "9"]
[EventCountry "CRO"]
[Source "lmi"]
[SourceDate "2014.01.03"]

1. e4 e5 2. Nf3 Nc6 3. Nc3 Nf6 4. d4 exd4 5. Nxd4 Bb4 6. Nxc6 bxc6 7. Bd3 d5 8.
exd5 cxd5 9. O-O O-O 10. a3 Bd6 11. Nb5 Be5 12. f4 Bd6 13. Nxd6 Qxd6 14. b4 c5
15. Bb2 cxb4 16. axb4 Qxb4 17. Bxf6 Qb6+ 18. Kh1 Qxf6 19. Qh5 g6 20. Qxd5 Be6
21. Qa5 Bf5 22. Bxf5 Qxf5 23. Qxf5 gxf5 24. Ra5 Rfc8 25. Rxf5 a5 26. Ra1 Rxc2
27. h3 a4 28. Ra3 Rc4 29. Kh2 Ra6 30. Kg3 Kg7 31. Kf3 h6 32. g3 Rac6 33. Ra5
Rc3+ 34. Rxc3 Rxc3+ 35. Kg4 a3 36. Ra6 Rb3 37. Kh4 Rc3 38. g4 Rc4 1/2-1/2

[Event "19. Bosnjaci Open 2014"]
[Site "Bosnjaci CRO"]
[Date "2014.01.08"]
[Round "8.10"]
[White "Matanovic, Luka"]
[Black "Saric, Sinisa"]
[Result "0-1"]
[WhiteElo "2055"]
[BlackElo "2406"]
[PlyCount "50"]
[EventDate "2014.01.03"]
[EventType "swiss"]
[EventRounds "9"]
[EventCountry "CRO"]
[Source "lmi"]
[SourceDate "2014.01.03"]

1. e4 d5 2. exd5 Qxd5 3. Qf3 Nf6 4. Nc3 Qe5+ 5. Nge2 Nc6 6. Qg3 Qxg3 7. hxg3
Nb4 8. Nd4 e5 9. Ndb5 Nxc2+ 10. Kd1 Nxa1 11. Nxc7+ Kd8 12. Nxa8 Ng4 13. Rh4 g5
14. Rxg4 Bxg4+ 15. f3 Bf5 16. d3 Kd7 17. Bxg5 Bc5 18. g4 Be6 19. Kc1 Rxa8 20.
Kb1 Nb3 21. axb3 Bxb3 22. Kc1 Rc8 23. g3 Bd4 24. Bd2 b5 25. g5 b4 0-1

[Event "19. Bosnjaci Open 2014"]
[Site "Bosnjaci CRO"]
[Date "2014.01.08"]
[Round "8.11"]
[White "Pasalic, Adnan"]
[Black "Jakic, Ivan"]
[Result "0-1"]
[WhiteElo "2070"]
[BlackElo "2404"]
[PlyCount "68"]
[EventDate "2014.01.03"]
[EventType "swiss"]
[EventRounds "9"]
[EventCountry "CRO"]
[Source "lmi"]
[SourceDate "2014.01.03"]

1. d4 Nf6 2. c4 Nc6 3. Nf3 e6 4. Nc3 Bb4 5. Qc2 d6 6. Bd2 O-O 7. a3 Bxc3 8.
Bxc3 Qe7 9. e3 e5 10. d5 Nb8 11. Nd2 a5 12. b3 Nbd7 13. Be2 Nc5 14. O-O Bd7 15.
Rae1 c6 16. b4 axb4 17. axb4 Na4 18. dxc6 Bxc6 19. Ba1 Rfc8 20. Qd3 d5 21. c5
b6 22. cxb6 Nxb6 23. Rb1 Nc4 24. Nxc4 dxc4 25. Qf5 Be4 26. Qxe5 Qxe5 27. Bxe5
Bxb1 28. Rxb1 c3 29. b5 Ra3 30. Kf1 c2 31. Rc1 Rb3 32. Bxf6 Rb1 33. Bb2 Rxb2
34. Ke1 Rd8 0-1

[Event "19. Bosnjaci Open 2014"]
[Site "Bosnjaci CRO"]
[Date "2014.01.08"]
[Round "8.12"]
[White "Leskur, Dejan"]
[Black "Sribar, Peter"]
[Result "1-0"]
[WhiteElo "2395"]
[BlackElo "2047"]
[PlyCount "65"]
[EventDate "2014.01.03"]
[EventType "swiss"]
[EventRounds "9"]
[EventCountry "CRO"]
[Source "lmi"]
[SourceDate "2014.01.03"]

1. Nf3 c5 2. c4 Nf6 3. Nc3 b6 4. e3 Bb7 5. d4 cxd4 6. exd4 g6 7. Be2 Bg7 8. d5
O-O 9. O-O d6 10. Be3 Nbd7 11. h3 Ne5 12. Nd4 Rc8 13. b3 a5 14. Rc1 Ned7 15. a3
Nc5 16. b4 axb4 17. axb4 e5 18. Ndb5 Na6 19. Qb3 Rb8 20. Na4 Bc8 21. Na7 Bd7
22. Nc6 Bxc6 23. dxc6 Ne8 24. Rfd1 Qc7 25. b5 Nc5 26. Bxc5 bxc5 27. Bf3 Qa5 28.
b6 Bh6 29. Rb1 Bd2 30. Qb5 f5 31. Bd5+ Kg7 32. Qxa5 Bxa5 33. Rb5 1-0

[Event "19. Bosnjaci Open 2014"]
[Site "Bosnjaci CRO"]
[Date "2014.01.08"]
[Round "8.13"]
[White "Petrusic, Toni"]
[Black "Bobanac, Miro"]
[Result "1/2-1/2"]
[WhiteElo "2302"]
[BlackElo "2285"]
[PlyCount "104"]
[EventDate "2014.01.03"]
[EventType "swiss"]
[EventRounds "9"]
[EventCountry "CRO"]
[Source "lmi"]
[SourceDate "2014.01.03"]

1. e4 c5 2. Ne2 e6 3. g3 a6 4. Bg2 b5 5. c3 Bb7 6. d4 Nf6 7. Bg5 Be7 8. Nd2 h6
9. Bxf6 gxf6 10. d5 Qb6 11. O-O h5 12. h4 e5 13. c4 d6 14. Bf3 Bf8 15. cxb5
axb5 16. a4 Bh6 17. Nc3 Bxd2 18. Qxd2 bxa4 19. Nxa4 Qa5 20. Nc3 Qxa1 21. Rxa1
Rxa1+ 22. Kg2 Nd7 23. b4 cxb4 24. Nb5 Ra6 25. Nc7+ Ke7 26. Nxa6 Bxa6 27. Qxb4
Bc8 28. Qc4 Nc5 29. Qe2 Ba6 30. Qd1 Bd3 31. Bxh5 Bxe4+ 32. Bf3 Bd3 33. Qa1 Ba6
34. Qa5 Bd3 35. Qc7+ Nd7 36. h5 f5 37. Kh2 Be4 38. Bxe4 Rxh5+ 39. Kg2 fxe4 40.
Qc8 Rh6 41. Qc1 Rg6 42. Qh1 Nf6 43. Qb1 Rg8 44. Kf1 Rg5 45. Qb7+ Nd7 46. Ke2
Rf5 47. Qc8 Rf3 48. Qh8 Nf6 49. Qh4 Rf5 50. Qh8 Rf3 51. Qh4 Rf5 52. Qh3 Rf3
1/2-1/2

[Event "19. Bosnjaci Open 2014"]
[Site "Bosnjaci CRO"]
[Date "2014.01.08"]
[Round "8.14"]
[White "Egerc, Josip"]
[Black "Mrkonjic, Nenad"]
[Result "0-1"]
[WhiteElo "2057"]
[BlackElo "2376"]
[PlyCount "94"]
[EventDate "2014.01.03"]
[EventType "swiss"]
[EventRounds "9"]
[EventCountry "CRO"]
[Source "lmi"]
[SourceDate "2014.01.03"]

1. e4 d5 2. exd5 Qxd5 3. Nc3 Qa5 4. d4 c6 5. Bc4 Nf6 6. h3 e6 7. Nf3 Nbd7 8.
O-O Nb6 9. Bd3 Nbd5 10. Ne4 Nxe4 11. Bxe4 Nf6 12. Bd3 Bd6 13. Bg5 h6 14. Bd2
Qb6 15. a4 Bd7 16. b4 a5 17. bxa5 Qc7 18. Re1 c5 19. Qe2 O-O 20. Ne5 cxd4 21.
g4 Bxe5 22. Qxe5 Qxe5 23. Rxe5 Bc6 24. Rb1 Rfc8 25. Rb4 Nd7 26. Re1 Rxa5 27.
Bb5 Bxb5 28. Rb2 Rxa4 29. Rxb5 b6 30. Rb2 Rac4 31. Rc1 R8c6 32. Kf1 Kh7 33. Ke2
Kg6 34. Kd1 h5 35. Rb5 R6c5 36. Rb3 hxg4 37. hxg4 Rc6 38. f4 Nf6 39. Rb5 R4c5
40. Rb4 Rd5 41. g5 Ne4 42. Ke2 Kf5 43. Kd3 f6 44. gxf6 gxf6 45. Re1 Nf2+ 46.
Ke2 Rxc2 47. Rxb6 Ne4 0-1

[Event "19. Bosnjaci Open 2014"]
[Site "Bosnjaci CRO"]
[Date "2014.01.08"]
[Round "8.16"]
[White "Macanga, Branko"]
[Black "Abdil, Halil"]
[Result "0-1"]
[WhiteElo "2047"]
[BlackElo "2263"]
[PlyCount "52"]
[EventDate "2014.01.03"]
[EventType "swiss"]
[EventRounds "9"]
[EventCountry "CRO"]
[Source "lmi"]
[SourceDate "2014.01.03"]

1. Nf3 Nf6 2. c4 g6 3. g3 Bg7 4. Bg2 O-O 5. O-O d5 6. d4 dxc4 7. Ne5 c6 8. Nc3
Be6 9. e4 Nfd7 10. Nxd7 Qxd7 11. d5 Bh3 12. Qf3 Bxg2 13. Kxg2 Na6 14. Rd1 b5
15. Bg5 Rfe8 16. dxc6 Qxc6 17. Nd5 f6 18. e5 Kf7 19. Re1 Nc7 20. Nxc7 Qxc7 21.
e6+ Kg8 22. Rad1 fxg5 23. Rd7 Qc5 24. Qf7+ Kh8 25. Red1 Bf6 26. Rd8 Raxd8 0-1

[Event "19. Bosnjaci Open 2014"]
[Site "Bosnjaci CRO"]
[Date "2014.01.08"]
[Round "8.17"]
[White "Zivkovic, Nikola"]
[Black "Blagojevic, Tijana"]
[Result "1/2-1/2"]
[WhiteElo "2204"]
[BlackElo "2006"]
[PlyCount "85"]
[EventDate "2014.01.03"]
[EventType "swiss"]
[EventRounds "9"]
[EventCountry "CRO"]
[Source "lmi"]
[SourceDate "2014.01.03"]

1. e4 e5 2. Nf3 Nc6 3. Bb5 Nf6 4. O-O Nxe4 5. Re1 Nd6 6. Nxe5 Be7 7. Bf1 Nxe5
8. Rxe5 O-O 9. d4 Bf6 10. Re1 Nf5 11. c3 d5 12. Bd3 c6 13. Qc2 g6 14. Bf4 Ng7
15. Nd2 Bf5 16. Nf3 Bxd3 17. Qxd3 Ne6 18. Bg3 Re8 19. Rad1 Ng7 20. h3 Qd7 21.
Ne5 Qf5 22. Qd2 Bg5 23. f4 Bd8 24. Ng4 Kh8 25. Nh6 Qd7 26. Rxe8+ Nxe8 27. f5 g5
28. Re1 Kg7 29. Ng4 f6 30. Ne3 Bc7 31. Nf1 Bxg3 32. Nxg3 Nc7 33. Qf2 Re8 34.
Nh5+ Kf7 35. g4 Rxe1+ 36. Qxe1 Nb5 37. Ng3 Nd6 38. Kf2 Nc4 39. b3 Nd6 40. Qe3
Nb5 41. Ne2 Nd6 42. Ng3 Nb5 43. Ne2 1/2-1/2

[Event "19. Bosnjaci Open 2014"]
[Site "Bosnjaci CRO"]
[Date "2014.01.08"]
[Round "8.18"]
[White "Ljikar, Zoran"]
[Black "Radmanovic, Danijel"]
[Result "1-0"]
[WhiteElo "2180"]
[BlackElo "2006"]
[PlyCount "81"]
[EventDate "2014.01.03"]
[EventType "swiss"]
[EventRounds "9"]
[EventCountry "CRO"]
[Source "lmi"]
[SourceDate "2014.01.03"]

1. e4 e6 2. d4 d5 3. Nc3 Nf6 4. e5 Nfd7 5. f4 c5 6. Nf3 Nc6 7. Be3 cxd4 8. Nxd4
Bc5 9. Qd2 O-O 10. O-O-O a6 11. h4 Nxd4 12. Bxd4 f6 13. exf6 Bxd4 14. Qxd4 Qxf6
15. g3 Qxd4 16. Rxd4 Nf6 17. Be2 Bd7 18. Re1 Rae8 19. Bf3 Bc6 20. b4 b5 21. Nd1
Rf7 22. Nb2 Rfe7 23. Nd3 Nd7 24. Ne5 Nxe5 25. Rxe5 Kf7 26. Kd2 g6 27. Rd3 Rc8
28. Rc3 Bb7 29. Rxc8 Bxc8 30. Be2 Rc7 31. Bd3 d4 32. h5 Rc3 33. hxg6+ hxg6 34.
Re4 Bb7 35. Rxd4 Rc7 36. Rd8 Bd5 37. a3 Bf3 38. Rd6 Bb7 39. Ke3 Ke7 40. Rb6 Kf6
41. g4 1-0

[Event "19. Bosnjaci Open 2014"]
[Site "Bosnjaci CRO"]
[Date "2014.01.08"]
[Round "8.19"]
[White "Caric, Mato"]
[Black "Sargac, Rajna"]
[Result "1/2-1/2"]
[WhiteElo "2045"]
[BlackElo "2172"]
[PlyCount "64"]
[EventDate "2014.01.03"]
[EventType "swiss"]
[EventRounds "9"]
[EventCountry "CRO"]
[Source "lmi"]
[SourceDate "2014.01.03"]

1. e4 c5 2. Nf3 Nc6 3. d4 cxd4 4. Nxd4 Nf6 5. Nc3 e5 6. Ndb5 d6 7. Bg5 a6 8.
Na3 b5 9. Nd5 Be7 10. Nxe7 Nxe7 11. Bd3 Bg4 12. f3 Be6 13. c4 O-O 14. Qe2 b4
15. Nc2 Qb6 16. Be3 Qb7 17. b3 Nd7 18. Qd2 a5 19. Be2 Nc8 20. O-O Nc5 21. Ne1
a4 22. Bxc5 dxc5 23. Nd3 Qc7 24. Qe3 Ra5 25. f4 exf4 26. Nxf4 Qe5 27. Nd3 Qc7
28. Nf4 Re8 29. Nxe6 Rxe6 30. Bg4 Re8 31. Bxc8 Qxc8 32. Rad1 axb3 1/2-1/2

[Event "19. Bosnjaci Open 2014"]
[Site "Bosnjaci CRO"]
[Date "2014.01.08"]
[Round "8.20"]
[White "Blagojevic, Marijan"]
[Black "Grubisic, Ivica"]
[Result "1-0"]
[WhiteElo "2160"]
[BlackElo "1933"]
[PlyCount "75"]
[EventDate "2014.01.03"]
[EventType "swiss"]
[EventRounds "9"]
[EventCountry "CRO"]
[Source "lmi"]
[SourceDate "2014.01.03"]

1. d4 Nf6 2. c4 g6 3. Nc3 Bg7 4. e4 d6 5. Nf3 O-O 6. Be2 e5 7. O-O Nc6 8. d5
Ne7 9. Ne1 Nd7 10. Be3 f5 11. f3 f4 12. Bf2 g5 13. b4 Ng6 14. c5 Nf6 15. Rc1
Rf7 16. cxd6 cxd6 17. a4 h5 18. a5 g4 19. Nb5 a6 20. Bb6 Qf8 21. Nc7 Bd7 22.
Nxa8 Qxa8 23. Nd3 Bh6 24. Rc7 Ne8 25. Rxd7 Rxd7 26. fxg4 h4 27. g5 Bxg5 28. Bg4
Rg7 29. Be6+ Kh7 30. Qh5+ Bh6 31. Rc1 Nf6 32. Qf5 Qe8 33. Qxf6 Qb5 34. Rd1 Qa4
35. Bg4 Qc2 36. Qf5 h3 37. gxh3 Kh8 38. Qc8+ 1-0

[Event "19. Bosnjaci Open 2014"]
[Site "Bosnjaci CRO"]
[Date "2014.01.09"]
[Round "9.1"]
[White "Kuljasevic, Davorin"]
[Black "Jovanovic, Zoran2"]
[Result "1/2-1/2"]
[WhiteElo "2580"]
[BlackElo "2526"]
[PlyCount "34"]
[EventDate "2014.01.03"]
[EventType "swiss"]
[EventRounds "9"]
[EventCountry "CRO"]
[Source "lmi"]
[SourceDate "2014.01.03"]

1. d4 d6 2. Nf3 g6 3. c4 Bg7 4. Nc3 Nc6 5. d5 Ne5 6. Nxe5 Bxe5 7. e4 Nf6 8. Bd3
O-O 9. O-O c6 10. Bg5 Nd7 11. Rc1 a5 12. b3 Nc5 13. Bh6 Re8 14. Bb1 e6 15. f4
Bh8 16. dxc6 bxc6 17. Kh1 Rb8 1/2-1/2

[Event "19. Bosnjaci Open 2014"]
[Site "Bosnjaci CRO"]
[Date "2014.01.09"]
[Round "9.2"]
[White "Dizdarevic, Emir"]
[Black "Leventic, Ivan"]
[Result "1-0"]
[WhiteElo "2502"]
[BlackElo "2457"]
[PlyCount "63"]
[EventDate "2014.01.03"]
[EventType "swiss"]
[EventRounds "9"]
[EventCountry "CRO"]
[Source "lmi"]
[SourceDate "2014.01.03"]

1. Nf3 Nf6 2. g3 d5 3. Bg2 c5 4. O-O Nc6 5. d4 cxd4 6. Nxd4 e5 7. Nxc6 bxc6 8.
c4 Be7 9. Bg5 Be6 10. Nc3 e4 11. cxd5 cxd5 12. Qd2 O-O 13. Rfd1 Rb8 14. Be3 Qa5
15. Nxe4 Qxd2 16. Nxf6+ Bxf6 17. Rxd2 Bxb2 18. Rad1 d4 19. Bxd4 Bxd4 20. Rxd4
Bxa2 21. Ra1 Be6 22. h4 Rb2 23. Bf3 Ra2 24. Rxa2 Bxa2 25. Ra4 Be6 26. Rxa7 g6
27. g4 Kg7 28. Kh2 Bc8 29. Kg3 h6 30. Bd5 Kg8 31. Rc7 Kg7 32. Bxf7 1-0

[Event "19. Bosnjaci Open 2014"]
[Site "Bosnjaci CRO"]
[Date "2014.01.09"]
[Round "9.4"]
[White "Zivkovic, Vjekoslav"]
[Black "Zaja, Ivan"]
[Result "1/2-1/2"]
[WhiteElo "2365"]
[BlackElo "2457"]
[PlyCount "29"]
[EventDate "2014.01.03"]
[EventType "swiss"]
[EventRounds "9"]
[EventCountry "CRO"]
[Source "lmi"]
[SourceDate "2014.01.03"]

1. e4 e5 2. Nf3 Nc6 3. Bb5 a6 4. Ba4 Nf6 5. O-O Be7 6. Re1 b5 7. Bb3 d6 8. c3
O-O 9. h3 Nb8 10. d4 Nbd7 11. Nbd2 Bb7 12. Bc2 Re8 13. Nf1 Bf8 14. Ng3 g6 15.
b3 1/2-1/2

[Event "19. Bosnjaci Open 2014"]
[Site "Bosnjaci CRO"]
[Date "2014.01.09"]
[Round "9.5"]
[White "Blagojevic, Dragisa"]
[Black "Plenkovic, Zdenko"]
[Result "1/2-1/2"]
[WhiteElo "2516"]
[BlackElo "2404"]
[PlyCount "63"]
[EventDate "2014.01.03"]
[EventType "swiss"]
[EventRounds "9"]
[EventCountry "CRO"]
[Source "lmi"]
[SourceDate "2014.01.03"]

1. d4 Nf6 2. c4 g6 3. Nf3 Bg7 4. g3 O-O 5. Bg2 d5 6. cxd5 Nxd5 7. O-O Nb6 8.
Nc3 Nc6 9. e3 Re8 10. d5 Na5 11. Nd4 Bd7 12. Nb3 Nxb3 13. Qxb3 Qc8 14. e4 c6
15. Be3 Bxc3 16. bxc3 cxd5 17. exd5 Nc4 18. Rfe1 Nxe3 19. Rxe3 Qc7 20. Rae1 Qd6
21. Qc4 Rac8 22. Qh4 e5 23. dxe6 Rxe6 24. Rxe6 Bxe6 25. Bxb7 Rxc3 26. Qf6 Ra3
27. Bc8 Qd2 28. Rxe6 Qd1+ 29. Kg2 Qd5+ 30. Kg1 Qd1+ 31. Kg2 Qd5+ 32. Kg1
1/2-1/2

[Event "19. Bosnjaci Open 2014"]
[Site "Bosnjaci CRO"]
[Date "2014.01.09"]
[Round "9.6"]
[White "Fercec, Nenad"]
[Black "Burovic, Ismet"]
[Result "1-0"]
[WhiteElo "2473"]
[BlackElo "2372"]
[PlyCount "141"]
[EventDate "2014.01.03"]
[EventType "swiss"]
[EventRounds "9"]
[EventCountry "CRO"]
[Source "lmi"]
[SourceDate "2014.01.03"]

1. e4 c6 2. d4 d5 3. f3 Qb6 4. Nc3 e6 5. a3 Nf6 6. Be3 e5 7. Qd2 exd4 8. Bxd4
Qd8 9. O-O-O Be7 10. exd5 O-O 11. Bxf6 Bxf6 12. Ne4 cxd5 13. Qxd5 Nc6 14. Qxd8
Bxd8 15. Bc4 Bf5 16. Nd6 Bg6 17. Ne2 Rb8 18. Kb1 Bc7 19. Nf4 Rfd8 20. Nxg6 Bxd6
21. Nh4 g6 22. g3 b5 23. Bd5 Ne5 24. Ng2 Rd7 25. f4 Ng4 26. Bc6 Rdd8 27. Rd2 a6
28. Bf3 Nf6 29. Rhd1 Bc7 30. Rxd8+ Bxd8 31. Rd6 a5 32. Ra6 h5 33. b4 axb4 34.
axb4 Be7 35. c3 Kg7 36. Ra8 Rb6 37. Ra7 Re6 38. h3 Ne4 39. Kc2 Bf6 40. Bxe4
Rxe4 41. Kd3 Rc4 42. Ra3 h4 43. Ne3 Rc8 44. g4 Rd8+ 45. Ke4 Re8+ 46. Kf3 Rc8
47. Nd5 Rd8 48. Nxf6 Kxf6 49. Ke4 Rd2 50. g5+ Ke6 51. Ra6+ Ke7 52. f5 gxf5+ 53.
Kxf5 Rd3 54. Ra7+ Kf8 55. Rc7 Rg3 56. Rc5 Kg7 57. Rxb5 Rxc3 58. Kg4 Rc4+ 59.
Kh5 Rd4 60. Rb7 Re4 61. Rb6 Rd4 62. Rb8 Re4 63. b5 Rd4 64. b6 Rc4 65. Rd8 Rb4
66. Rd6 Kf8 67. Kh6 Ke7 68. Rc6 Rb5 69. Rc7+ Ke6 70. b7 Rb6 71. Rc6+ 1-0